000 00733nam a22001575i 4500
001 171292
003 ES-MaACL
005 20230906214605.0
008 090508s1879 sp |||| | spa d
100 1 _aCocat, Luis.
_9140066
245 1 4 _aLas citas de Carlota
_b: comedia en un acto y en prosa /
_carreglada a nuestra escena por Luis Cocat.
260 _aMadrid :
_b[Hijos de A. Gullon],
_c1879 (
_fImp. de José Rodríguez)
300 _a24 p. ;
_c18 cm.
500 _aEn port.: Estrenada con aplauso en el Salón Eslava el 12 de febrero de 1879.
852 _aBa
_jF-8599(5)
_z.- Enc. pasta española
_q.- Falto de la cub. original
_z.- Enc. en un vol. facticio formando parte de la col. facticia "Teatro español moderno", vol. 52
999 _c171292
_d171292